<?xml version="1.0" encoding="UTF-8"?>
<record
    xmlns:xsi="http://www.w3.org/2001/XMLSchema-instance"
    xsi:schemaLocation="http://www.loc.gov/MARC21/slim http://www.loc.gov/standards/marcxml/schema/MARC21slim.xsd"
    xmlns="http://www.loc.gov/MARC21/slim">

  <leader>00865nam a2200217   4500</leader>
  <controlfield tag="001">82332</controlfield>
  <controlfield tag="003">BD-RjUL</controlfield>
  <controlfield tag="005">20231123105108.0</controlfield>
  <controlfield tag="008">231123s1964    pk ||||| |||| 00| 0 per d</controlfield>
  <datafield tag="035" ind1=" " ind2=" ">
    <subfield code="a">(BD-RjUL)82332</subfield>
  </datafield>
  <datafield tag="040" ind1=" " ind2=" ">
    <subfield code="a">BD-RjUL</subfield>
    <subfield code="b">eng</subfield>
    <subfield code="c">BD-RjUL</subfield>
  </datafield>
  <datafield tag="041" ind1=" " ind2=" ">
    <subfield code="a">per</subfield>
  </datafield>
  <datafield tag="082" ind1=" " ind2=" ">
    <subfield code="2">23</subfield>
    <subfield code="a">891.551</subfield>
    <subfield code="b">IQM 1964</subfield>
  </datafield>
  <datafield tag="100" ind1=" " ind2=" ">
    <subfield code="a"> &#x627;&#x642;&#x628;&#x627;&#x644;&#x60C; &#x645;&#x62D;&#x645;&#x62F;  ;; Muhammad Iqbal</subfield>
    <subfield code="9">10152</subfield>
  </datafield>
  <datafield tag="245" ind1="1" ind2="0">
    <subfield code="a">Front cover image for &#x645;&#x62B;&#x646;&#x648;&#x649; &#x67E;&#x633; &#x686;&#x647; &#x628;&#x627;&#x64A;&#x62F; &#x6A9;&#x631;&#x62F; &#x627;&#x649; &#x627;&#x642;&#x648;&#x627;&#x645; &#x634;&#x631;&#x642; &#x61B; &#x645;&#x639; &#x645;&#x633;&#x627;&#x641;&#x631; &#x645;&#x62B;&#x646;&#x648;&#x649; &#x67E;&#x633; &#x686;&#x647; &#x628;&#x627;&#x64A;&#x62F; &#x6A9;&#x631;&#x62F; &#x627;&#x649; &#x627;&#x642;&#x648;&#x627;&#x645; &#x634;&#x631;&#x642; &#x61B; &#x645;&#x639; &#x645;&#x633;&#x627;&#x641;&#x631; / Mas&#x332;nav&#x12B;-i Pas chih b&#x101;yad kard aqv&#x101;m-i Sharq ; ma&#x2BF;a Mus&#x101;fir /</subfield>
    <subfield code="c"> Mu&#x1E25;ammad Iqb&#x101;l (Creator)</subfield>
  </datafield>
  <datafield tag="250" ind1=" " ind2=" ">
    <subfield code="a">5th.ed.</subfield>
  </datafield>
  <datafield tag="260" ind1=" " ind2=" ">
    <subfield code="a"> L&#x101;haur:</subfield>
    <subfield code="b">&#x634;&#x64A;&#x62E; &#x63A;&#x644;&#x627;&#x645; &#x639;&#x644;&#x649;&#x60C;,  Shaik&#x332;h&#x332; G&#x332;h&#x332;ul&#x101;m &#x2BF;Al&#x12B;, </subfield>
    <subfield code="c">1964</subfield>
  </datafield>
  <datafield tag="300" ind1=" " ind2=" ">
    <subfield code="a">71 p. ;</subfield>
    <subfield code="c">21 cm</subfield>
  </datafield>
  <datafield tag="650" ind1=" " ind2=" ">
    <subfield code="a">Persian Poetry</subfield>
  </datafield>
  <datafield tag="942" ind1=" " ind2=" ">
    <subfield code="2">ddc</subfield>
    <subfield code="c">BK</subfield>
  </datafield>
  <datafield tag="999" ind1=" " ind2=" ">
    <subfield code="c">82332</subfield>
    <subfield code="d">82332</subfield>
  </datafield>
  <datafield tag="952" ind1=" " ind2=" ">
    <subfield code="0">0</subfield>
    <subfield code="1">0</subfield>
    <subfield code="2">ddc</subfield>
    <subfield code="4">0</subfield>
    <subfield code="7">1</subfield>
    <subfield code="8">NFIC</subfield>
    <subfield code="a">RUCL</subfield>
    <subfield code="b">RUCL</subfield>
    <subfield code="c">Reading</subfield>
    <subfield code="d">1973-10-13</subfield>
    <subfield code="e">Quran manjil, Rajshahi</subfield>
    <subfield code="g">4.00</subfield>
    <subfield code="l">0</subfield>
    <subfield code="o">F 891.551 IQM 1964</subfield>
    <subfield code="r">2023-11-23 00:00:00</subfield>
    <subfield code="t">C-1</subfield>
    <subfield code="w">2023-11-23</subfield>
    <subfield code="y">BK</subfield>
  </datafield>
</record>
